The corporate security professional's handbook on terrorism

Bibliographic Details
Main Author: Halibozek, Edward P.
Corporate Author: ProQuest (Firm)
Other Authors: Jones, Andy, 1952-, Kovacich, Gerald L.
Format: Electronic eBook
Language:English
Published: Amsterdam ; Boston : Butterworth Heinemann, c2008.
Subjects:
Online Access:Click to View
LEADER 02242nam a2200409 a 4500
001 EBC313782
003 MiAaPQ
005 20200520144314.0
006 m o d |
007 cr cn|||||||||
008 070424s2008 ne a sb 001 0 eng
010 |z  2007017123 
020 |z 9780750682572 (pbk. : alk. paper) 
020 |z 0750682574 (pbk. : alk. paper) 
035 |a (MiAaPQ)EBC313782 
035 |a (Au-PeEL)EBL313782 
035 |a (CaPaEBR)ebr10190760 
035 |a (CaONFJC)MIL103509 
035 |a (OCoLC)935264312 
040 |a MiAaPQ  |c MiAaPQ  |d MiAaPQ 
050 4 |a HV8290  |b .H325 2008 
082 0 4 |a 658.4/77  |2 22 
100 1 |a Halibozek, Edward P. 
245 1 4 |a The corporate security professional's handbook on terrorism  |h [electronic resource] /  |c Edward Halibozek, Andy Jones, Gerald L. Kovacich. 
260 |a Amsterdam ;  |a Boston :  |b Butterworth Heinemann,  |c c2008. 
300 |a xvii, 261 p. :  |b ill. 
504 |a Includes bibliographical references (p. 233) and index. 
505 0 |a What is terrorism? -- A short history of terrorism -- Old and new groups -- Case studies of terrorist attacks -- Determining the corporate risks to terrorist attacks -- Physically securing corporate premises in order to mitigate attacks -- Protecting employees from terrorist attacks -- Preparing for a terrorist attack : emergency planning and implementation -- Operational security methods for mitigating terrorist attacks -- Coordinating and planning with antiterrorist agencies -- The future global business environment and security needs -- The future of international terrorism -- The successful security professional in fighting terrorism--now and in the future -- Closing thoughts. 
533 |a Electronic reproduction. Ann Arbor, MI : ProQuest, 2015. Available via World Wide Web. Access may be limited to ProQuest affiliated libraries. 
650 0 |a Corporations  |x Security measures  |x Management. 
650 0 |a Private security services  |x Management. 
650 0 |a Terrorism  |x Prevention. 
655 4 |a Electronic books. 
700 1 |a Jones, Andy,  |d 1952- 
700 1 |a Kovacich, Gerald L. 
710 2 |a ProQuest (Firm) 
856 4 0 |u https://ebookcentral.proquest.com/lib/matrademy/detail.action?docID=313782  |z Click to View